Enzo Maresca's Chelsea - Statistics

General Stats
  • This quiz has been taken 14 times
  • The average score is 34 of 50
Answer Stats
Rank Player Position Nationality Matches Goals Assists % Correct
7 Cole Palmer Attacking Midfield 62 22 15
100%
2 Enzo Fernández Central Midfield 79 15 19
100%
28 Alejandro Garnacho Left Winger 20 4 3
93%
19 Filip Jørgensen Goalkeeper 29 0 0
93%
22 João Pedro Centre-Forward 27 10 4
93%
13 Levi Colwill Centre-Back 43 2 2
93%
30 Liam Delap Centre-Forward 19 2 1
93%
3 Pedro Neto Right Winger 77 15 12
93%
9 Reece James Right-Back 55 5 8
93%
6 Robert Sánchez Goalkeeper 64 0 1
93%
10 Trevoh Chalobah Centre-Back 49 3 2
93%
25 Andrey Santos Central Midfield 24 1 5
86%
18 Benoît Badiashile Centre-Back 30 0 0
86%
5 Malo Gusto Right-Back 72 2 6
86%
1 Marc Cucurella Left-Back 79 7 6
86%
4 Moisés Caicedo Defensive Midfield 73 6 7
86%
33 Mykhaylo Mudryk Left Winger 15 3 5
86%
15 Nicolas Jackson Centre-Forward 37 13 6
86%
20 Roméo Lavia Defensive Midfield 29 0 1
86%
21 Wesley Fofana Centre-Back 28 0 1
86%
32 Axel Disasi Centre-Back 17 2 2
79%
26 Estêvão Right Winger 23 5 1
79%
29 João Félix Second Striker 20 7 2
79%
23 Josh Acheampong Centre-Back 25 1 0
79%
24 Marc Guiu Centre-Forward 25 7 1
79%
12 Noni Madueke Right Winger 46 11 5
79%
8 Tosin Adarabioyo Centre-Back 56 5 1
79%
11 Christopher Nkunku Centre-Forward 48 15 6
71%
27 Jamie Gittens Left Winger 22 1 5
71%
34 Jorrel Hato Left-Back 9 0 1
71%
35 Facundo Buonanotte Attacking Midfield 7 1 1
64%
14 Jadon Sancho Left Winger 41 5 10
64%
17 Kiernan Dewsbury-Hall Central Midfield 36 5 4
64%
31 Renato Veiga Centre-Back 18 2 1
64%
36 Cesare Casadei Central Midfield 6 0 0
57%
49 Mamadou Sarr Centre-Back 1 0 0
57%
16 Tyrique George Left Winger 37 6 6
57%
48 Ben Chilwell Left-Back 1 0 0
50%
41 Dário Essugo Defensive Midfield 3 0 0
50%
39 Reggie Walsh Central Midfield 4 0 0
43%
50 Aarón Anselmino Centre-Back 1 0 0
36%
38 Carney Chukwuemeka Central Midfield 5 0 0
36%
43 Genesis Antwi Right-Back 2 0 0
29%
40 Sam Rak-Sakyi Defensive Midfield 4 0 0
29%
37 Shumaira Mheuka Centre-Forward 6 0 0
29%
46 Harrison Murray-Campbell Centre-Back 1 0 0
14%
44 Harvey Vale Right Midfield 2 0 0
14%
42 Mathis Amougou Central Midfield 2 0 0
14%
47 Ato Ampah Right Winger 1 0 0
7%
45 Kiano Dyer Central Midfield 1 0 0
7%
No matching quizzes found
Score Distribution
Percent of People with Each Score
Percentile by Number Answered
Your Score History
You have not taken this quiz